Practical Chemistry / (Record no. 10416)
[ view plain ]
| 000 -LEADER | |
|---|---|
| fixed length control field | 00578nam a22002297a 4500 |
| 001 - CONTROL NUMBER | |
| JCCL Control Number | 10416 |
| 003 - CONTROL NUMBER IDENTIFIER | |
| JCCL marc code | OSt |
| 005 - DATE AND TIME OF LATEST TRANSACTION | |
| control field | 20181118134016.0 |
| 008 - FIXED-LENGTH DATA ELEMENTS--GENERAL INFORMATION | |
| fixed length control field | 180425b1972 ii ||||| |||| 00| 0 eng d |
| 035 ## - SYSTEM CONTROL NUMBER | |
| system control number | (BD-JhCC)10416 |
| 040 ## - CATALOGING SOURCE | |
| Original cataloging agency | BD-JhCC |
| Modifying agency | BD-JhCC |
| 041 ## - LANGUAGE CODE | |
| Language code of Book | eng |
| 082 ## - DEWEY DECIMAL CLASSIFICATION NUMBER | |
| Classification number | 540.72 |
| Author mark and Year | PAN 1972 |
| 100 ## - MAIN ENTRY--PERSONAL NAME | |
| Personal name | Pandey, Dr. O. P. |
| 245 ## - TITLE STATEMENT | |
| Title | Practical Chemistry / |
| Statement of responsibility, etc | Dr. O. P. Pandey, D. N. Bajpai and Dr. S. Giri |
| 300 ## - PHYSICAL DESCRIPTION | |
| Pagination | 280 p. : |
| Dimensions | 24 cm. |
| 650 ## - SUBJECT ADDED ENTRY--TOPICAL TERM | |
| Topical term or geographic name as entry element | Chemistry |
| 700 ## - ADDED ENTRY--PERSONAL NAME | |
| Personal name | Bajpai, D. N. |
| 700 ## - ADDED ENTRY--PERSONAL NAME | |
| Personal name | Giri, Dr. S. |
| 942 ## - ADDED ENTRY ELEMENTS (KOHA) | |
| Source of classification or shelving scheme | Dewey Decimal Classification |
| Koha item type | Books |
| Koha issues (borrowed), all copies | 1 |
| Source of classification or shelving scheme | Damaged status | Not for loan | Home library | Current library | Shelving location | Date of accession | Total Checkouts | Full call number | Barcode | Date last seen | Copy number | Koha item type | Date checked out |
|---|---|---|---|---|---|---|---|---|---|---|---|---|---|
| Dewey Decimal Classification | JCC Rouf Library | JCC Rouf Library | General Stacks | 04/25/2018 | 540.72 PAN 1972 | 13718 | 04/25/2018 | C-1 | Books | ||||
| Dewey Decimal Classification | JCC Rouf Library | JCC Rouf Library | General Stacks | 04/25/2018 | 1 | 540.72 PAN 1972 | 13717 | 11/22/2018 | C-1 | Books | 11/17/2018 |